Temas oficiales, comunicaciones y discusiones / (Record no. 46726)

MARC details
000 -LEADER
campo de control de longitud fija 00660nam a2200181 i 4500
001 - NÚMERO DE CONTROL
campo de control 46726
003 - IDENTIFICADOR DE NÚMERO DE CONTROL
campo de control ES-MaACL
005 - FECHA Y HORA DE LA ÚLTIMA TRANSACCIÓN
campo de control 20230906161433.0
007 - CAMPO FIJO DE DESCRIPCIÓN FÍSICA--INFORMACIÓN GENERAL
campo de control de longitud fija t|
008 - DATOS DE LONGITUD FIJA--INFORMACIÓN GENERAL
campo de control de longitud fija 030331s1921 sp ||||1| spa d
111 2# - ENTRADA PRINCIPAL--NOMBRE DE CONGRESO/REUNIÓN
Nombre de congreso/reunión o jurisdicción como elemento de entrada Congreso de la Asociación Española de Urología (
Número del congreso/reunión o número de parte o sección 5º)
9 (RLIN) 314
245 10 - MENCIÓN DEL TÍTULO
Título Temas oficiales, comunicaciones y discusiones /
Mención de responsabilidad, etc. Congreso de la Asociación Española de Urología ; publicados bajo la dirección de Pedro Cifuentes.
260 ## - PUBLICACIÓN, DISTRIBUCIÓN, ETC.
Lugar de publicación, distribución, etc. Madrid :
Nombre del editor, distribuidor, etc. Antonio Marzo,
Fecha de publicación, distribución, etc. 1921.
300 ## - DESCRIPCIÓN FÍSICA
Extensión XVI, 350 p. ;
Dimensiones 22 cm.
700 1# - ENTRADA AGREGADA--NOMBRE PERSONAL
Nombre de persona Cifuentes, Pedro.
9 (RLIN) 38806
710 2# - ENTRADA AGREGADA--NOMBRE DE ENTIDAD CORPORATIVA
Nombre de entidad corporativa o nombre de jurisdicción como elemento de entrada Asociación Española de Urología.
9 (RLIN) 1684
852 ## - LOCALIZACIÓN
Ubicación ES-MaACL
Número de control de estantería B-11427
Holdings
Estatus retirado Estado de pérdida Estado de daño No para préstamo Biblioteca de origen Biblioteca actual Ubicación en estantería Fecha de adquisición Fuente de adquisición Total de préstamos Signatura topográfica completa Código de barras Visto por última vez Precio de reemplazo Tipo de ítem Koha
        Biblioteca del Ateneo de Madrid Biblioteca del Ateneo de Madrid Sala Pardo Bazán 17/01/2008     B-11427 1049145 23/02/2023 23/02/2023 Libro impreso